From an ordinary school to an extra-ordinary school of name and fame : / (Record no. 151461)
[ view plain ]
| 000 -LEADER | |
|---|---|
| fixed length control field | 00692nam a22001817a 4500 |
| 005 - DATE AND TIME OF LATEST TRANSACTION | |
| control field | 20180503110251.0 |
| 010 ## - LCCN (DPL NO) | |
| LC control number | ENG-122701 |
| 020 ## - INTERNATIONAL STANDARD BOOK NUMBER | |
| International Standard Book Number | 9788123425399 |
| Terms of availability | 310.00 |
| 035 ## - SYSTEM CONTROL NUMBER | |
| System control number | EN-106233 |
| 037 ## - SOURCE OF ACQUISITION | |
| Source of stock number/acquisition | DBAD/PUB. |
| 082 ## - DEWEY DECIMAL CLASSIFICATION NUMBER | |
| Classification number | 371.207 |
| 100 ## - MAIN ENTRY--PERSONAL NAME | |
| Personal name | Ganesan V. |
| 245 ## - TITLE STATEMENT | |
| Title | From an ordinary school to an extra-ordinary school of name and fame : / |
| Statement of responsibility, etc | by V. Ganesan |
| Remainder of title | (366 days of inspirational tips to make your school the most sought after status.) / |
| 260 ## - PUBLICATION, DISTRIBUTION, ETC. (IMPRINT) | |
| Place of publication, distribution, etc | Chennai |
| Name of publisher, distributor, etc | New Century Book House (P) Ltd. |
| Date of publication, distribution, etc | 2013 |
| 270 ## - ADDRESS | |
| Address | 41-B, SIDCO Industrial Estate, Ambattur, |
| City | Chennai |
| Postal code | 600098 |
| Telephone number | 26359906 |
| 300 ## - PHYSICAL DESCRIPTION | |
| Extent | 408p. |
| Dimensions | 21cm.(pbk) |
| Other physical details | ill. |
| 942 ## - ADDED ENTRY ELEMENTS (KOHA) | |
| Source of classification or shelving scheme | Dewey Decimal Classification |
| Item type | English Books |
| Call number suffix | GAN |
| Classification part | 371.207 |
| Withdrawn status | Lost status | Not for loan | Collection code | Home library | Current library | Date acquired | Source of acquisition | Cost, normal purchase price | Full call number | Barcode | Copy number | Cost, replacement price | Koha item type |
|---|---|---|---|---|---|---|---|---|---|---|---|---|---|
| Not For Loan | Non-fiction | D.B.Act.Division | Patel Nagar | 19/04/2018 | DBAD/PUB | 310.00 | 371.207 GAN | EN-106233 | 1 | 310.00 | English Books |
